Lectures on business and industrial laws / (Record no. 2128)
[ view plain ]
| 000 -LEADER | |
|---|---|
| fixed length control field | 00522nam a2200181 4500 |
| 001 - CONTROL NUMBER | |
| control field | 2666 |
| 005 - DATE AND TIME OF LATEST TRANSACTION | |
| control field | 20181127165447.0 |
| 010 00 - LIBRARY OF CONGRESS CONTROL NUMBER | |
| LC control number | |
| 020 00 - INTERNATIONAL STANDARD BOOK NUMBER | |
| International Standard Book Number | 8183501958 |
| 090 00 - LOCALLY ASSIGNED LC-TYPE CALL NUMBER (OCLC); LOCAL CALL NUMBER (RLIN) | |
| Classification number (OCLC) (R) ; Classification number, CALL (RLIN) (NR) | 346.07 B5759L 2007 |
| 100 00 - MAIN ENTRY--PERSONAL NAME | |
| Personal name | Bhushan, Bharat. |
| 245 00 - TITLE STATEMENT | |
| Title | Lectures on business and industrial laws / |
| Remainder of title | |
| Statement of responsibility, etc. | Bharat Bhushan and Rajni Abbi. |
| Medium | |
| 260 00 - PUBLICATION, DISTRIBUTION, ETC. | |
| Place of publication, distribution, etc. | New Delhi : |
| Name of publisher, distributor, etc. | Sultan Chand, |
| Date of publication, distribution, etc. | 2007. |
| 300 00 - PHYSICAL DESCRIPTION | |
| Extent | 223 p. |
| 650 00 - SUBJECT ADDED ENTRY--TOPICAL TERM | |
| Topical term or geographic name entry element | Commercial law --India. |
| General subdivision | |
| Topical term or geographic name entry element | Industrial laws and legislation. |
| General subdivision | |
| Topical term or geographic name entry element | Taxation --Law and legislation. |
| General subdivision | |
| Withdrawn status | Lost status | Source of classification or shelving scheme | Damaged status | Not for loan | Collection code | Home library | Current library | Shelving location | Date acquired | Cost, normal purchase price | Serial Enumeration / chronology | Inventory number | Full call number | Barcode | Date last seen | Price effective from | Koha item type |
|---|---|---|---|---|---|---|---|---|---|---|---|---|---|---|---|---|---|
| Dewey Decimal Classification | Main TEST | RTC Library | RTC Library | Main opac | 05/03/2022 | 90.00 | 1308 | 346.07 BHU | 30003974 | 27/11/2018 | 27/11/2018 | Main |